FC Barcelona Players 500 or More Appearances - Sudden Death - Statistics

General Stats
  • This quiz has been taken 441 times
  • The average score is 3 of 8
Answers on the Grid
Answers color-coded by a green-red scale on the quiz's grid according to % correct below.
Andoni Zubizarreta
Andrés Iniesta
Bernd Schuster
Carles Puyol
Carles Rexach
Dani Alves
Gerard Piqué
Guillermo Amor
Hristo Stoichkov
Ivan Rakitic
Javier Mascherano
Joan Segarra
Jordi Alba
José Mari Bakero
José Ramón Alexanko
Lionel Messi
Luis Enrique
Luis Suárez
Marc-André ter Stegen
Migueli
Patrick Kluivert
Pedro
Pep Guardiola
Phillip Cocu
Rafa Márquez
Ronald Koeman
Sergi Roberto
Sergio Busquets
Víctor Valdés
Xavi
 
Answer Stats
Answer % Correct
Andrés Iniesta
82%
Carles Puyol
69%
Lionel Messi
56%
Gerard Piqué
45%
Xavi
42%
Sergio Busquets
36%
Víctor Valdés
13%
Migueli
2%
No matching quizzes found
Score Distribution
Percent of People with Each Score
Percentile by Number Answered
Your Score History
You have not taken this quiz